000
00290nam a2200121Ia 4500
008
190216s9999||||xx |||||||||||||| ||und||
100
_a
Robert Eisberg And Robert Resnick
245
0
_a
Quantum Physics
260
_b
Wiley Students
_c
2009
300
_a
713
650
_a
Physics
942
_c
BK
999
_c
34387
_d
34387